• 首页
  • 本馆介绍
  • 公告通知
  • 最新文献
  • 馆藏检索
  • 电子资源
  • 读者导购
  • 参考咨询
  • 我的图书馆
  • 登录
  • 详细信息显示
  • 放入我的书架
  • 预约/预借图书
  • 作者相关作品
  • 分类相关作品
  • 丛书相关作品
  • 出版社相关作品

书目信息

  • 表格格式
  • 工作单格式
  • 卡片格式
题名:
园林绿化养护
    
 
作者: 张建国 , 王小林 主编
分册:  
出版信息: 北京   高等教育出版社  2014.08
页数: 236页
开本: 26cm
丛书名:
单 册:
中图分类: S688.05 , S73
科图分类:
主题词: 园林植物--园艺管理--教材 , 绿化
电子资源:
ISBN: 978-7-04-040125-7
000 00960nam0 2200265 450
001 4894
005 20181013145336.28
010    @a978-7-04-040125-7@dCNY29.50
100    @a20141204d2014 em y0chiy50 ea
101 0  @achi
102    @aCN@b110000
105    @aa z 000yy
200 1  @a园林绿化养护@9yuan lin lv hua yang hu@f张建国,王小林主编
210    @a北京@c高等教育出版社@d2014.08
215    @a236页@c图@d26cm
300    @a园林绿化专业课程改革成果教材
330    @a本书内容分为树木草坪修剪、病虫害与杂草防治、园林绿化日常管理3个模块25个项目,包括使用各种绿化养护设备与工具对典型园林植物进行整形修剪,各种病虫害与杂草的防除方法,土壤施肥,土壤浇水,编制绿化养护工作月历,拟写园林绿化养护合同。
606 0  @a园林植物@x园艺管理@j教材
606 0  @a绿化
690    @aS688.05@v5
690    @aS73@v4
701  0 @a张建国@9zhang jian guo@4主编
701  0 @a王小林@9wang xiao lin@4主编
801  0 @aCN@b91MARC@c20150426
905    @aMuseLib@dS73@e112
    
    园林绿化养护/张建国,王小林主编.-北京:高等教育出版社,2014.08
    236页:图;26cm
    园林绿化专业课程改革成果教材
    
    ISBN 978-7-04-040125-7:CNY29.50
    本书内容分为树木草坪修剪、病虫害与杂草防治、园林绿化日常管理3个模块25个项目,包括使用各种绿化养护设备与工具对典型园林植物进行整形修剪,各种病虫害与杂草的防除方法,土壤施肥,土壤浇水,编制绿化养护工作月历,拟写园林绿化养护合同。
●
相关链接 在E读中查询图书 在五车中查询图书 在当当中查询图书 在豆瓣中查询图书


正题名:园林绿化养护     索取号:S73/112         预约/预借

序号 登录号 条形码 馆藏地/架位号 状态 备注
1 1127122   211271229   第二样本阅览室/ [索取号:S73/112] 在馆    
2 1127123   211271238   生命科学系资料室/ [索取号:S73/112] 在馆    
3 1127124   211271247   第三借阅区/ [索取号:S73/112] 在馆    
4 1127125   211271256   第三借阅区/ [索取号:S73/112] 在馆    
5 1127126   211271265   第三借阅区/ [索取号:S73/112] 在馆    
唐山师范学院图书馆 欢迎您!
大连网信软件有限公司© 版权所有